| 000 | 00442nam a22001457a 4500 | ||
|---|---|---|---|
| 003 | NUST | ||
| 038 | _asaima | ||
| 082 |
_a004 _bMCS |
||
| 100 |
_a Chattha, Naveed Ashraf _935120 |
||
| 245 | _aAnalysis of Security Weaknesses in NFC Applications on Android and Propose Policy Framework for Adoption / | ||
| 260 |
_aIslamabad : _bInformation Security _c2017 |
||
| 300 |
_a78 p.; _c30cm. |
||
| 700 |
_aDr. Imran Rashid _935026 |
||
| 942 |
_2ddc _cTHE |
||
| 999 |
_c540861 _d540861 |
||